000 00666nam a2200241 i 4500
001 C2-0313341
003 PPAK
005 20180728105017.0
008 111113s2011 my a|||| ||||| | may d
020 _a9789675564680
040 _aPPAK
_beng
_cPPAK
_erda
082 0 4 _a641.59595
_223
090 0 0 _a641.59595
_bMAS
_dR
100 0 _aMasnah,
_eauthor
245 1 0 _aHidangan raja sehari
264 1 _aBatu Caves, Selangor :
_bPTS Millennia ,
_c2011
300 _a96 pages :
_bcolour illustrations ;
_c25 cm
336 _2rdacontent
_atext
337 _2rdamedia
_aunmediated
338 _2rdacarrier
_avolume
650 1 0 _aCookery, Malaysian
942 _ddc
_cB
999 _c115061
_d115061